Βυζαντινοί ύμνοι Επιταφίου και Πάσχα Byzantine hymns of the Epitaphios and Easter.
Αποθηκεύτηκε σε:
| Συγγραφή απο Οργανισμό/Αρχή: | |
|---|---|
| Μορφή: | Ηχητικό |
| Γλώσσα: | Greek |
| Δημοσίευση: |
Αθήνα :
Σύλλογος προς Διάδοσιν της Εθνικής Μουσικής,
1975.
|
| Σειρά: | (Σύλλογος προς διάδοσιν της Εθνικής Μουσικής ;
12) |
| Θέματα: | |
| Ετικέτες: |
Προσθήκη ετικέτας
Δεν υπάρχουν, Καταχωρήστε ετικέτα πρώτοι!
|
MARC
| LEADER | 00000cjm a2200000 a 4500 | ||
|---|---|---|---|
| 001 | 1/108673 | ||
| 008 | 150914s1975####gr ccn d ||||| gre|| | ||
| 028 | 0 | 2 | |a S.D.N.M. 112 a |b Σύλλογος προς Διάδοσιν της Εθνικής Μουσικής |
| 040 | |a GR-MyUa |b gre |c GR-MyUa |e AACR2 | ||
| 041 | 0 | |d gre |e gre | |
| 082 | 7 | |a 782.292 |2 (23) | |
| 245 | 0 | 0 | |a Βυζαντινοί ύμνοι Επιταφίου και Πάσχα |h [ηχογράφηση] = |b Byzantine hymns of the Epitaphios and Easter. |
| 246 | 1 | |i Παράλληλος τίτλος: |a Byzantine hymns of the Epitaphios and Easter |h [ηχογράφηση] | |
| 260 | |a Αθήνα : |b Σύλλογος προς Διάδοσιν της Εθνικής Μουσικής, |c 1975. | ||
| 300 | |a 1 δίσκος βινυλίου : |b αναλογ., 33 1/3 σαλ, στέρεο, |c 12 ίν. + |e 1 θήκη και 1 βιβλιαράκι. | ||
| 490 | 0 | |a (Σύλλογος προς διάδοσιν της Εθνικής Μουσικής ; |v 12) | |
| 500 | |a Στη θήκη αναγράφονται οι ύμνοι, πληροφορίες στα ελληνικά και αγγλικά και περιέχει φυλλάδιο ([7] σ.) με τα κείμενα των ύμνων. Υπάρχει ψηφιακό αντίγραφο. | ||
| 500 | |a Σύλλογος προς Διάδοσιν της Εθνικής Μουσικής = Society for the Dissemination of National Music. Volume 12. | ||
| 505 | 8 | |a Πλευρά Α. 1. Ότε κατήλθες προς τον θάνατον, απολυτίκιον, ήχου Β – 2. Εκλογή εκ των Εγκωμίων του Επιταφίου μετά και της στιχολογίας αυτών, Η ζωή εν τάφω ; Μεγαλύνομεν σε ; Προσκυνώ το πάθος ; Οίμοι φως του κόσμου ; Άξιον εστί ; Έφριξεν η γη ; Άναρχε Θεέ ; Τέξασα ζωήν ; Αι γενεαί πάσαι ; Δεύρο πάσα κτίσις ; Μυροφόροι ήλθον ; Ω γλυκύ μου έαρ ; Των αγγέλων ο δήμος ; Προσκυνούμεν Πατέρα ; Αλληλούϊα – 3. Κατευθυνθήτω, αργόν πλάγιον, ήχου πλ. Β, και Κατευθυνθήτω σύντομον μετά στίχων, ήχου Α – 4. Γεύσασθε και ιδέτε – Πλευρά Β. 1. Δεύτε λάβετε φώς ; Την Ανάστασιν σου ; Χριστός Ανέστη – 2. Αναστάσεως ημέρα ; Νυν πάντα πεπλήρωται φωτός ; Θανάτου εορτάζομεν νέκρωσιν ; Αύτη η κλητή και αγία ημέρα ; Ο άγγελος εβόα ; Φωτίζου, φωτίζου – 3. Αλληλουϊάριον της Πασχαλινής Λειτουργίας, σύντομον, αργόν – 4. Τα στιχερά Πάσχα ιερόν και Πάσχα το τερπνόν ; Αναστάσεως ημέρα. | |
| 508 | |a Καλλιτεχνική και γενική διεύθυνσις: Σίμων Καράς. | ||
| 511 | 0 | |a Ψάλλουν: Σίμων Καράς και εκκλησιαστική χορωδία του Συλλόγου. | |
| 650 | 0 | |a Sound recordings. | |
| 650 | 0 | |a Audio-visual materials. | |
| 650 | 0 | |a Church music |x Orthodox Eastern Church. | |
| 650 | 0 | |a Byzantine chants. | |
| 700 | 1 | |a Καράς, Σίμων Ι., |d 1909-1999, |e adi | |
| 710 | 1 | |a Σύλλογος προς Διάδοσιν της Εθνικής Μουσικής. |e pro | |
| 852 | |a INST |b RHODES |c AV |e 20150915 |h 782.252 ΒΥΖ |p 005400013165 |q 005400013165 |t LP |y 23 | ||
| 970 | |a Τζαφέρη |b Ευαγγελία |z 14-09-2015 | ||